000 00270nam a2200109Ia 4500
008 190216s9999||||xx |||||||||||||| ||und||
100 _aPandey I M
245 0 _aManagement Accounting A Planning And Control Approach
260 _bNull
_c1983
300 _a462p
942 _cBK
999 _c5216
_d5216